000 01456naa a22003617a 4500
001 BR8201355
003 BR-BrBNA
005 20250721143154.0
007 ta
008 250630b bl.|||m| |||| 00| 0 por d
040 _aBR-BrBNA
_bpor
_cBiblioteca Nacional de Agricultura
041 _a(Pt)
072 _aH10
_b1126
_b4050
_bG514
090 _aH10 BR8201355
100 1 _aGoes, A. de
100 1 _aVieira, A.
100 1 _aGadella, R.S. de S.
100 1 _aZem, A.C.
111 1 _a5. Reuniao Brasileira de Nematologia
_cLondrina, PR (Brazil)
_d9 Feb 1981
245 1 _aNematoides associados ao abacaxizeiro no estado do Rio de Janeiro [Ananas comosus; Brasil]
246 1 _a[Nematodes associated to pineapple plant in the state of Rio de Janeiro [Ananas comosus; Brazil]]
246 1 _a[Works presented to the 5. Brazilian Meeting of Nematology]
500 _aTrabalhos apresentados a 5. Reuniao Brasileira de Nematologia Piracicaba, SP (Brasil): 1982. p. 183-189 [16 ref.; Summaries (En, Pt)] (BR8201355-AMS)
773 0 _tTrabalhos apresentados a 5. Reuniao Brasileira de Nematologia
_wH10 BR8201355
_gPiracicaba, SP (Brasil), 1982. p. 183-189
650 _aPraga de planta
650 _aAbacaxi
650 _aNematoide
650 _aParasito de planta
650 _aRio de Janeiro
490 _aPublicacao - Sociedade Brasileira de Nematologia (Brazil)
_vno. 5
942 _cAMS
_2AGRIS
909 _a202506
_bLúcia
_c55
_dLúcia Elande
999 _c334096
_d334096